Banderas de África con tres rayas - Estadísticas

Estadísticas generales
  • Esta prueba ha sido intentada 32 veces
  • La puntuación promedio es 7 de 7
Estadísticas de respuestas
País % Correcto
Chad
100%
Costa de Marfil
100%
Mali
100%
Nigeria
100%
Gabón
90%
Guinea
90%
Sierra Leona
83%
No se encontraron pruebas coincidentes
Distribución de puntuación
Porcentaje de gente con cada puntuación
Porcentaje por número respondido
Historial de tus puntuaciones
No has intentado esta prueba.